
Library Catalogue

| 000 -LEADER | |
|---|---|
| fixed length control field | 01330cam a2200301 i 4500 |
| 001 - CONTROL NUMBER | |
| control field | 19459882 |
| 005 - DATE AND TIME OF LATEST TRANSACTION | |
| control field | 20260216085512.0 |
| 008 - FIXED-LENGTH DATA ELEMENTS--GENERAL INFORMATION | |
| fixed length control field | 170123s2017 enk b 001 0 eng |
| 010 ## - LIBRARY OF CONGRESS CONTROL NUMBER | |
| LC control number | 2017931746 |
| 020 ## - INTERNATIONAL STANDARD BOOK NUMBER | |
| International Standard Book Number | 9781786438034 |
| 035 ## - SYSTEM CONTROL NUMBER | |
| System control number | 19459882 |
| 040 ## - CATALOGING SOURCE | |
| Original cataloging agency | DLC |
| Language of cataloging | eng |
| Description conventions | rda |
| Transcribing agency | DLC |
| 042 ## - AUTHENTICATION CODE | |
| Authentication code | pcc |
| 082 ## - DEWEY DECIMAL CLASSIFICATION NUMBER | |
| Classification number | 336.301 EUS |
| 100 ## - MAIN ENTRY--PERSONAL NAME | |
| Personal name | Eusepi, Giuseppe |
| 245 10 - TITLE STATEMENT | |
| Title | Public debt : |
| Remainder of title | an illusion of democratic political economy / |
| Statement of responsibility, etc. | Giuseppe Eusepi and Richard E. Wagner |
| 264 #1 - PRODUCTION, PUBLICATION, DISTRIBUTION, MANUFACTURE, AND COPYRIGHT NOTICE | |
| Place of production, publication, distribution, manufacture | Cheltenham : |
| Name of producer, publisher, distributor, manufacturer | Edward Elgar Publishing, |
| Date of production, publication, distribution, manufacture, or copyright notice | 2017. |
| 300 ## - PHYSICAL DESCRIPTION | |
| Extent | x, 178 p. ; |
| Dimensions | 25 cm. |
| 490 0# - SERIES STATEMENT | |
| Series statement | New thinking in political economy |
| 505 ## - FORMATTED CONTENTS NOTE | |
| Formatted contents note | 1. Macroeconomics, fiscal policy, and public debt: conflating myth and reality 2. Political economy and the supply of macro guidance 3. Engines, ecologies, and economic systems 4. Budgeting and public debt within a system of cooperative democracy 5. Public debt within systems of monopolistic democracy 6. “Monstrous moral hybrids” and the corrupting quality of public debt |
| 650 #0 - SUBJECT ADDED ENTRY--TOPICAL TERM | |
| Topical term or geographic name entry element | Debts, Public |
| General subdivision | Philosophy. |
| 650 #0 - SUBJECT ADDED ENTRY--TOPICAL TERM | |
| Topical term or geographic name entry element | Democracy |
| General subdivision | Economic aspects. |
| 700 1# - ADDED ENTRY--PERSONAL NAME | |
| Personal name | Wagner, Richard E. |
| 906 ## - LOCAL DATA ELEMENT F, LDF (RLIN) | |
| a | 7 |
| b | cbc |
| c | origres |
| d | 2 |
| e | ncip |
| f | 20 |
| g | y-gencatlg |
| 942 ## - ADDED ENTRY ELEMENTS (KOHA) | |
| Source of classification or shelving scheme | Dewey Decimal Classification |
| Koha item type | BOOKs |
| Withdrawn status | Lost status | Source of classification or shelving scheme | Materials specified (bound volume or other part) | Damaged status | Not for loan | Collection code | Home library | Current library | Shelving location | Date acquired | Source of acquisition | Coded location qualifier | Total Checkouts | Full call number | Barcode | Date last seen | Price effective from | Koha item type |
|---|---|---|---|---|---|---|---|---|---|---|---|---|---|---|---|---|---|---|
| Dewey Decimal Classification | HB | Reference | . | . | General Stacks | 01.02.2018 | Purchased | MPPSECTION | 336.301 EUS | 35883 | 01.02.2019 | 01.02.2019 | BOOKs |